Tabela wszech czasów Ligi Mistrzów w piłce nożnej - Statystyki

Ogólne statystyki
  • Ten quiz został rozwiązany 92 razy
  • Średni wynik to 17 z 20
Statystyki odpowiedzi
Miejsce Punkty Klub % Poprawnych
3 697 FC Barcelona
100%
1 988 Real Madryt
100%
2 800 Bayern Monachium
99%
5 528 Manchester United
99%
7 459 FC Liverpool
98%
17 256 Manchester City
98%
6 463 AC Milan
96%
10 380 Inter Mediolan
96%
15 303 Paris Saint-Germain
96%
12 355 Arsenal Londyn
95%
4 537 Juventus Turyn
95%
14 312 Borussia Dortmund
93%
11 355 Chelsea Londyn
93%
16 302 Atletico Madryt
89%
9 418 FC Porto
83%
13 350 Ajax Amsterdam
82%
8 426 Benfica Lizbona
76%
18 236 PSV Eindhoven
55%
20 224 Celtic Glasgow
38%
19 236 Dynamo Kijów
18%
Nie znaleziono quizów pasujących do podanych kryteriów
Rozkład punktacji
Procent ludzi z każdym wynikiem
Percentyl według liczby udzielonych odpowiedzi
Twoja historia wyników
Nie rozwiązałeś tego quizu